Central Library OPAC University of Rajshahi

A synopsis of contemporary psychiatry (Record no. 12699)

MARC details
000 -LEADER
fixed length control field 00863cam a2200277 4500
001 - CONTROL NUMBER
control field 12699
003 - CONTROL NUMBER IDENTIFIER
rucl marc code BD-RjUL
005 - DATE AND TIME OF LATEST TRANSACTION
control field 20211208235337.0
008 - FIXED-LENGTH DATA ELEMENTS--GENERAL INFORMATION
fixed length control field 140129s1969 moua b 001 0 eng d
020 ## - INTERNATIONAL STANDARD BOOK NUMBER
International Standard Book Number 0801651743
035 ## - SYSTEM CONTROL NUMBER
System control number (BD-RjUL)12749
040 ## - CATALOGING SOURCE
Original cataloging agency DLC
Transcribing agency DLC
Modifying agency BD-RjUL
Language of cataloging eng
041 ## - LANGUAGE CODE
Language code of text/sound track or separate title eng
082 00 - DEWEY DECIMAL CLASSIFICATION NUMBER
Classification number 616.89
Edition number 16
Author mark and year ULS 1969
100 1# - MAIN ENTRY--PERSONAL NAME
Personal name Ulett, George A.
9 (RLIN) 39539
245 12 - TITLE STATEMENT
Title A synopsis of contemporary psychiatry
Statement of responsibility, etc. [by] George A. Ulett [and] D. Wells Goodrich.
250 ## - EDITION STATEMENT
Edition statement 4th ed.
260 ## - PUBLICATION, DISTRIBUTION, ETC. (IMPRINT)
Place of publication, distribution, etc. Saint Louis :
Name of publisher, distributor, etc. C. V. Mosby Co. ,
Date of publication, distribution, etc. 1969.
300 ## - PHYSICAL DESCRIPTION
Pagination xiv, 340 p. :
Illustrations illus. ;
Size 21 cm.
504 ## - BIBLIOGRAPHY, ETC. NOTE
Bibliography, etc Includes bibliographies and index.
650 #0 - SUBJECT ADDED ENTRY--TOPICAL TERM
Topical term or geographic name as entry element Psychiatry
General subdivision Outlines, syllabi, etc.
9 (RLIN) 39540
700 1# - ADDED ENTRY--PERSONAL NAME
Personal name Goodrich, Donald Wells,
Dates associated with a name 1924-
Relator term joint author.
942 ## - ADDED ENTRY ELEMENTS (KOHA)
Source of classification or shelving scheme Dewey Decimal Classification
Koha item type Books
Holdings
Lost status Source of classification or shelving scheme Damaged status Not for loan Collection code Permanent Location Current Location Shelving location Date acquired Source of acquisition Total Checkouts Full call number Date last seen Copy number Koha item type
  Dewey Decimal Classification   Not For Loan Non-fiction Central Library, University of Rajshahi Central Library, University of Rajshahi Reading Room 23/10/1990 Shaukal opman Dhaka   616.89 ULS 1969 29/01/2014 C-1 Books